Папонов Алексей Николаевич доктор- сельскохозяйственных наук, профессор (Запись № 4095995)

Подробности
000 -МАРКЕР
контрольное поле 01917nam0a2200313 i 4500
001 - ИДЕНТИФИКАТОР ЗАПИСИ
контрольное поле RU\NLR\bibl\1992937
005 - ИДЕНТИФИКАТОР ВЕРСИИ
контрольное поле 20260407102436.0
021 ## - НОМЕР ГОСУДАРСТВЕННОЙ РЕГИСТРАЦИИ
Код страны Российская Федерация
Номер 2012-102114
Номер Листа государственной регистраци 7524
035 ## - ДРУГИЕ СИСТЕМНЫЕ НОМЕРА
Идентификатор записи (NLR Aleph) 001981426
100 ## - ДАННЫЕ ОБЩЕЙ ОБРАБОТКИ
Данные общей обработки 20130128d2012 u y0rusy50 ca
101 0# - ЯЗЫК РЕСУРСА
Язык текста, звукозаписи и т.д. русский
102 ## - СТРАНА ПУБЛИКАЦИИ ИЛИ ПРОИЗВОДСТВА
Страна публикации Российская Федерация
105 ## - ПОЛЕ КОДИРОВАННЫХ ДАННЫХ: ТЕКСТОВЫЕ МАТЕРИАЛЫ, МОНОГРАФИЧЕСКИЕ
Кодированные данные о монографическом текстовом документе c |||||||||
200 1# - ЗАГЛАВИЕ И СВЕДЕНИЯ ОБ ОТВЕТСТВЕННОСТИ
Основное заглавие Папонов Алексей Николаевич доктор- сельскохозяйственных наук, профессор
Сведения, относящиеся к заглавию биобиблиография
Первые сведения об ответственности М-во сел. хоз-ва Рос. Федерации, Федер. гос. бюджет. образоват. учреждение высш. проф. образования "Перм. гос. с.-х. акад. им. акад. Д.Н. Прянишникова"
Последующие сведения об ответственности [сост.: А.Я. Дьячков, О.В. Берестнева]
210 ## - ПУБЛИКАЦИЯ, РАСПРОСТРАНЕНИЕ И ДР.
Место издания, распространения и т.д. Пермь
Имя издателя, распространителя и т. д. ФГБОУ ВПО Пермская ГСХА
Дата издания, распространения и т.д. 2012
215 ## - ФИЗИЧЕСКАЯ ХАРАКТЕРИСТИКА
Специфическое обозначение материала и объем 50 с.
Другие сведения о физической характеристике портр.
Размеры 21
225 1# - СЕРИЯ
Основное заглавие серии Ученые Пермской государственной сельскохозяйственной академии имени академика Д.Н. Прянишникова
600 #1 - ИМЯ ЛИЦА КАК ПРЕДМЕТ
Начальный элемент ввода Папонов
Часть имени, кроме начального элемента ввода А.Н.
Даты 1931 - 2019
Расширение инициалов личного имени Алексей Николаевич
Формальный подзаголовок Биобиблиография
Системный номер авторитетной/нормативной записи 2138947
Идентификатор авторитетной/нормативной записи RU\NLR\auth\661593877
686 ## - ИНДЕКСЫ ДРУГИХ КЛАССИФИКАЦИЙ
Индекс П1д(2)Папонов
702 #1 - ИМЯ ЛИЦА - ВТОРИЧНАЯ ОТВЕТСТВЕННОСТЬ
Начальный элемент ввода Дьячков
Часть имени, кроме начального элемента ввода А. Я.
Расширение инициалов личного имени Александр Яковлевич
Код отношения Составитель
702 #1 - ИМЯ ЛИЦА - ВТОРИЧНАЯ ОТВЕТСТВЕННОСТЬ
Код отношения Прочие
Графика поля Кириллица
Материалы, к которым относится поле rus
Начальный элемент ввода Папонов
Часть имени, кроме начального элемента ввода А. Н.
Даты 1931-2019
Расширение инициалов личного имени Алексей Николаевич
Системный номер авторитетной/нормативной записи 189483
Идентификатор авторитетной/нормативной записи RU\NLR\AUTH\770189534
712 02 - НАИМЕНОВАНИЕ ОРГАНИЗАЦИИ - ВТОРИЧНАЯ ОТВЕТСТВЕННОСТЬ
Код отношения Прочие
Начальный элемент ввода Пермская государственная сельскохозяйственная академия им. Д. Н. Прянишникова
Системный номер авторитетной/нормативной записи 615520
Идентификатор авторитетной/нормативной записи RU\NLR\AUTH\8810057292
801 #0 - ИСТОЧНИК ЗАПИСИ
Страна Российская Федерация
Организация NLR
Дата составления 20130128
Правила каталогизации RCR
801 #1 - ИСТОЧНИК ЗАПИСИ
Страна Российская Федерация
Организация NLR
Дата составления 20130128
942 ## - ДОПОЛНИТЕЛЬНЫЕ ЭЛЕМЕНТЫ ЗАПИСИ (АБИС)
Тип экземпляра АБИС Книга
980 ## - КОЛЛЕКЦИЯ
Название коллекции НБР

Нет доступных экземпляров.